Statistik in der Archäologie : Probleme der Anwendung, allgemeine Methoden, Seriation und Klassifikation /
Saved in:
| Main Authors: | , , |
|---|---|
| 格式: | 图书 |
| 语言: | German |
| 出版: |
Köln : Bonn :
Rheinland-Verlag ; in Kommission bei R. Habelt,
c1978.
|
| 丛编: | Archaeo-physika ;
Bd. 9. |
| 主题: | |
| 标签: |
添加标签
没有标签, 成为第一个标记此记录!
|
| LEADER | 01351nam a2200337 i 4500 | ||
|---|---|---|---|
| 001 | 000856493-0 | ||
| 005 | 20110921121045.0 | ||
| 008 | 791126s1978 gw a b 00110 ger | ||
| 010 | |a 79387095 | ||
| 020 | |a 3792704277 : |c DM32.00 | ||
| 035 | 0 | |a ocm05831061 | |
| 040 | |a DLC |c DLC | ||
| 050 | 0 | |a CC80.6 |b .I35 | |
| 082 | |a 930.1/0285 | ||
| 100 | 1 | |a Ihm, Peter. | |
| 245 | 1 | 0 | |a Statistik in der Archäologie : |b Probleme der Anwendung, allgemeine Methoden, Seriation und Klassifikation / |c von Peter Ihm, unter Mitwirkung von Jens Lüning, Andreas Zimmermann. |
| 260 | 0 | |a Köln : |b Rheinland-Verlag ; |a Bonn : |b in Kommission bei R. Habelt, |c c1978. | |
| 300 | |a 619 p. : |b ill. ; |c 24 cm. | ||
| 490 | 1 | |a Archaeo-physika ; |v Bd. 9 | |
| 500 | |a Errata slip inserted. | ||
| 504 | |a Includes bibliographical references (p. [543]-556) and index. | ||
| 650 | 0 | |a Archaeology |x Statistical methods. | |
| 650 | 0 | |a Archaeology |x Methodology. | |
| 700 | 1 | |a Lüning, Jens, |e joint author. | |
| 700 | 1 | |a Zimmermann, Andreas, |d 1951- |e joint author. | |
| 700 | 1 | |a Lüning, Jens, |e author. | |
| 700 | 1 | |a Zimmermann, Andreas, |d 1951- |e author. | |
| 776 | 0 | 8 | |i Online version: |a Ihm, Peter. |t Statistik in der Archäologie. |d Köln : Rheinland-Verlag ; Bonn : Habelt [in Komm.], 1978 |w (OCoLC)655162862 |
| 830 | 0 | |a Archaeo-physika ; |v Bd. 9. | |
| 988 | |a 20020608 | ||
| 906 | |0 DLC | ||


